000 00380nam a2200145Ia 4500
008 090124s9999 xx 000 0 und d
082 _b35895
245 _a सावल्या
250 _a1
260 _bभारद्वाज मंदाकिनी
_c2008
300 _a128
630 _a सावल्या
730 _a सावल्या
942 _cBOOK
999 _c201044
_d201044